| 000 | 00635nam a2200217 u 4500 | ||
|---|---|---|---|
| 005 | 20240910063832.0 | ||
| 008 | 090325s1989 es r 000 0 spa d | ||
| 020 | _a8485334302 | ||
| 035 | _aUPN01000170123 | ||
| 049 | _aCG | ||
| 050 | 4 |
_aPS3531 L2.7 _bC4.6 1989 |
|
| 100 | 1 |
_aPlatt, Kin, _d1911-2003 |
|
| 245 | 1 | 0 |
_aChloris y el nuevo padre / _cKin Platt ; tr. Carlos Cámara. |
| 250 | _a2a ed. | ||
| 260 |
_aSalamanca, Esp. : _bLoguéz, _cc1989. |
||
| 300 | _a135 p. | ||
| 440 | 3 |
_aLa joven _v11 |
|
| 534 |
_pTítulo original: _tCholoris and the creeps |
||
| 650 | 4 |
_aLiteratura juvenil estadounidense _912776 |
|
| 905 | _aLibro | ||
| 999 |
_c142229 _d142229 |
||